<?xml version="1.0" encoding="UTF-8"?>
<record
    xmlns:xsi="http://www.w3.org/2001/XMLSchema-instance"
    xsi:schemaLocation="http://www.loc.gov/MARC21/slim http://www.loc.gov/standards/marcxml/schema/MARC21slim.xsd"
    xmlns="http://www.loc.gov/MARC21/slim">

  <leader>02972cam a2200289   4500500</leader>
  <controlfield tag="005">20260426001118.0</controlfield>
  <datafield tag="041" ind1=" " ind2=" ">
    <subfield code="a">fre</subfield>
  </datafield>
  <datafield tag="042" ind1=" " ind2=" ">
    <subfield code="a">dc</subfield>
  </datafield>
  <datafield tag="100" ind1="1" ind2="0">
    <subfield code="a">Galindo, G&#xE9;raldine</subfield>
    <subfield code="e">author</subfield>
  </datafield>
  <datafield tag="700" ind1="1" ind2="0">
    <subfield code="a">Tixier, Julie</subfield>
    <subfield code="e">author</subfield>
  </datafield>
  <datafield tag="700" ind1="1" ind2="0">
    <subfield code="a">Campoy, Eric</subfield>
    <subfield code="e">author</subfield>
  </datafield>
  <datafield tag="245" ind1="0" ind2="0">
    <subfield code="a">Le CV Vid&#xE9;o&#xA0;: le nouveau visage de la lutte contre les discriminations &#xE0; l&#x2019;embauche en France&#xA0;?</subfield>
  </datafield>
  <datafield tag="260" ind1=" " ind2=" ">
    <subfield code="c">2015.
							</subfield>
  </datafield>
  <datafield tag="500" ind1=" " ind2=" ">
    <subfield code="a">14</subfield>
  </datafield>
  <datafield tag="520" ind1=" " ind2=" ">
    <subfield code="a">Depuis plusieurs ann&#xE9;es, de nombreux outils ont &#xE9;t&#xE9; mis en place et test&#xE9;s afin de lutter contre les discriminations lors du processus de recrutement. Apparu r&#xE9;cemment en France, le CV Vid&#xE9;o (CVV) donne la possibilit&#xE9; au candidat de pouvoir expliquer de vive voix son parcours et ses motivations. L&#x2019;objectif de cet article est de tester le CVV comme outil de lutte contre les discriminations. A partir d&#x2019;une enqu&#xEA;te sur une population de 1538 personnes &#xE0; l&#x2019;initiative d&#x2019;une association que nous nommerons Divercit&#xE9;s RH, nous &#xE9;valuons la port&#xE9;e du CVV en fonction de diff&#xE9;rents items comme l&#x2019;&#xE2;ge, le sexe, l&#x2019;origine, mais aussi le type d&#x2019;emploi et la dur&#xE9;e de retour vers l&#x2019;emploi. Nous montrons ainsi que le CVV a une efficacit&#xE9; relative notamment pour certaines populations comme les femmes et les migrants pour lutter contre les discriminations. Nous soulignons ainsi l&#x2019;int&#xE9;r&#xEA;t de l&#x2019;accompagnement des candidats pour &#xE9;laborer un tel outil, mais aussi le r&#xF4;le du CVV dans les d&#xE9;marches actuelles de construction de la marque de chaque candidat.</subfield>
  </datafield>
  <datafield tag="520" ind1=" " ind2=" ">
    <subfield code="a">Fight against hiring discimination in France&#xA0;: does video resumes have an impact&#xA0;?Many tools have been developed for years and tested to fight against discrimination during the recruitment process. Recently appeared in France, video resume provides an opportunity for candidate to explain his career and his motivations. The aim of this article is precisely to test this new tool to reduce discrimination in hiring. Based on a survey of a 1,538 population from the association which we will named Divercit&#xE9;s RH, we assess the scope of the video resume according to several items such as age, gender, origin, but also job type or time to return to work. We demonstrate the relative efficiency of the video resume to fight discrimination for specific population such as women and migrants. Thus, we underline the interest for candidates to be coached during the creation of this tool, but also the role of CVV in current approaches to build the &#x201C;personal brand&#x201D; of each candidate.</subfield>
  </datafield>
  <datafield tag="690" ind1=" " ind2=" ">
    <subfield code="a">CV</subfield>
  </datafield>
  <datafield tag="690" ind1=" " ind2=" ">
    <subfield code="a">discriminations</subfield>
  </datafield>
  <datafield tag="690" ind1=" " ind2=" ">
    <subfield code="a">marque candidat</subfield>
  </datafield>
  <datafield tag="690" ind1=" " ind2=" ">
    <subfield code="a">recrutement</subfield>
  </datafield>
  <datafield tag="690" ind1=" " ind2=" ">
    <subfield code="a">discriminations</subfield>
  </datafield>
  <datafield tag="690" ind1=" " ind2=" ">
    <subfield code="a">personal branding</subfield>
  </datafield>
  <datafield tag="690" ind1=" " ind2=" ">
    <subfield code="a">recruitment</subfield>
  </datafield>
  <datafield tag="690" ind1=" " ind2=" ">
    <subfield code="a">resume</subfield>
  </datafield>
  <datafield tag="786" ind1="0" ind2=" ">
    <subfield code="n">Revue de gestion des ressources humaines | 95 | 1 | 2015-03-24 | p. 44-57 | 1163-913X</subfield>
  </datafield>
  <datafield tag="856" ind1="4" ind2="1">
    <subfield code="u">https://shs.cairn.info/revue-de-gestion-des-ressources-humaines-2015-1-page-44?lang=fr&amp;redirect-ssocas=7080</subfield>
  </datafield>
  <datafield tag="999" ind1=" " ind2=" ">
    <subfield code="c">2221047</subfield>
    <subfield code="d">2221047</subfield>
  </datafield>
</record>
